Poverty, nutrition and fertility / (Record no. 125828)

MARC details
000 -LEADER
fixed length control field 00688nam a22002417a 4500
005 - DATE AND TIME OF LATEST TRANSACTION
control field 20170124110000.0
010 ## - LIBRARY OF CONGRESS CONTROL NUMBER
LC control number A-896360
020 ## - INTERNATIONAL STANDARD BOOK NUMBER
Terms of availability 00.00
International Standard Book Number 817018856
035 ## - SYSTEM CONTROL NUMBER
System control number A-896360
037 ## - SOURCE OF ACQUISITION
Source of stock number/acquisition Cen Lib/Ret
040 ## - CATALOGING SOURCE
Original cataloging agency DPL
Language of cataloging EN
082 ## - DEWEY DECIMAL CLASSIFICATION NUMBER
Classification number 362.5
Item number ARO
100 ## - MAIN ENTRY--PERSONAL NAME
Personal name Arokiasamy P.
9 (RLIN) 15628
245 ## - TITLE STATEMENT
Title Poverty, nutrition and fertility /
Statement of responsibility, etc by Dev Raj Choudhary
Remainder of title micro study /
246 ## - VARYING FORM OF TITLE
Remainder of title
260 ## - PUBLICATION, DISTRIBUTION, ETC. (IMPRINT)
Name of publisher, distributor, etc B.R. publishing corporation
Place of publication, distribution, etc Delhi
Date of publication, distribution, etc 1997
270 ## - ADDRESS
City Delhi
Address Near bharat nagar
Postal code 110052
300 ## - PHYSICAL DESCRIPTION
Extent 322p.
Dimensions 20cm(Hb)
500 ## - GENERAL NOTE
General note Includes index
650 ## - SUBJECT ADDED ENTRY--TOPICAL TERM
Topical term or geographic name as entry element Poverty
9 (RLIN) 15629
650 ## - SUBJECT ADDED ENTRY--TOPICAL TERM
Topical term or geographic name as entry element Fertility
9 (RLIN) 15630
942 ## - ADDED ENTRY ELEMENTS (KOHA)
Source of classification or shelving scheme Dewey Decimal Classification
Koha item type English Books
Classification part 362.5
Call number suffix ARO
Holdings
Withdrawn status Lost status Damaged status Not for loan Home library Current library Date acquired Source of acquisition Cost, normal purchase price Total Checkouts Full call number Barcode Date last seen Copy number Cost, replacement price Price effective from Koha item type Public note
Written off       Central Library Central Library 23/06/2015 Cen Lib/Ret 0.00   362.5 ARO A-896360 23/06/2015 1 0.00 23/06/2015 English Books Written off on approval by DLB (By Circulation); dtd 15-06-2023

© Delhi Public Library
Hit Counter
free hit counter